000 00352 a2200157 4500
001 169098
020 _a
040 _cMagnum
100 _aRossetti-Ferreira, Ana Clotilde
240 1 0 _aOs fazeres na educacao infantil
_lpor
245 1 0 _aOs fazeres na educacao infantil
362 0 _a1899
440 1 _aCortez
697 _aENSINO
942 _cBK
999 _c169098
_d169098